Súčasné trendy v oblasti priamych zahraničných investícií vo svetovom hospodárstve

Celosvetové toky priamych zahraničných investícií (PZI) sa od roku 2001 nachádzajú v útlme. Dôvod poklesu treba hľadať v priemyselne vyspelých štátoch. Prechod americkej ekonomiky do recesie. Jedine región SVE zvýšil príjem PZI. Faktory pôsobiace na umiestnenie PZI v súčasnosti. Vývoj tokov PZI v re...

Descrizione completa

Salvato in:
Dettagli Bibliografici
Autore principale: Dudáš, Tomáš, 1976-
Natura: Capitolo di libro
Lingua:slovacco
Soggetti:
Tags: Aggiungi Tag
Nessun Tag, puoi essere il primo ad aggiungerne!!

MARC

LEADER 00000naa$a2200000$$$4500
001 0034001
005 20240502071442.4
041 0 |a slo 
044 |a SK 
245 1 0 |a Súčasné trendy v oblasti priamych zahraničných investícií vo svetovom hospodárstve  |c Tomáš Dudáš 
520 |a Celosvetové toky priamych zahraničných investícií (PZI) sa od roku 2001 nachádzajú v útlme. Dôvod poklesu treba hľadať v priemyselne vyspelých štátoch. Prechod americkej ekonomiky do recesie. Jedine región SVE zvýšil príjem PZI. Faktory pôsobiace na umiestnenie PZI v súčasnosti. Vývoj tokov PZI v regióne SVE v roku 2003. Očakávania zvýšenia PZI v súvislosti so vstupom 8 štátov do EÚ. 
610 2 0 |a investície priame zahraničné 
610 2 0 |a hospodárstvo svetové 
610 2 0 |a krajiny vyspelé 
610 2 0 |a krajiny tranzitívne 
610 2 0 |a SVE 
100 1 |a Dudáš, Tomáš, 1976-